Nommer 100 personages de Reign - Statistiques

Statistiques générales
  • Ce quiz a été pris 378 fois
  • Le résultat moyen est 24 sur 100
Statistiques - réponses
Hint Réponse % Correct
2 François II
99%
1 Marie Stuart
99%
4 Catherine de Médicis
93%
18 Marie de Guise
93%
13 Lola
87%
3 Sébastien
82%
12 Kenna
79%
5 Henri II
76%
43 Henri III
76%
10 Greer
74%
25 Charles IX
64%
21 Claude
61%
48 Claude de Guise
61%
6 Elizabeth Ire
60%
22 Louis Condé
54%
15 Nostradamus
51%
9 Diane de Poitiers
46%
14 Leith
42%
7 Aylee
41%
35 James Stewart
40%
24 Stéphane Narcisse
40%
8 Clarissa
38%
81 Henry Charles Schuler
38%
36 Lord Darnley
33%
16 Olivia D'amencourt
29%
30 Gideon Blackburn
28%
19 Antoine de Navarre
27%
33 John Knox
27%
65 John Pevo
27%
28 Robert Dudley
23%
17 Penelope
22%
45 Colin
20%
38 Bothwell
18%
32 Don Carlos
18%
39 Queen Leeza
18%
49 Tomas du Portugal
18%
23 Delphine
17%
20 Lord Castelroy
17%
11 Lord Julien
17%
53 Lord Hugo
16%
41 Luc Narcisse
16%
29 William
16%
63 Charlotte
15%
46 Sarah
15%
47 Simon Westbrook
15%
42 David Rizzio
14%
67 Pascal
12%
26 Amy Dudley
11%
50 Comte Vincent
11%
37 Nicole
11%
98 Prince du danemark
11%
31 Christophe
10%
40 Lady Lennox
10%
27 Martin
10%
58 Cecelia duchesse de Bohême
9%
71 Estelle
9%
54 Francesca de 'Medici
9%
78 Général Renaude
9%
52 Isobel
9%
70 Jean-Phillipe
9%
57 Maurice Bisset
9%
44 Nathalie
9%
56 Richard Delacroix
9%
72 Yvette Castelroy
9%
74 Caroline
8%
59 Ferdinand archiduc de Bohême
8%
62 Liam
8%
99 Munro
8%
60 Rowan
8%
51 Alec
7%
66 Christian de Guise
7%
64 Hortenza de 'Medici
7%
34 Kiera
7%
61 Lord McKenzie
7%
55 Pietro de 'Medici
7%
85 Amelie
6%
88 Constance
6%
76 Jenny
6%
80 Lord Akers
6%
93 Lord Cunningham
6%
100 Martel de Guise
6%
77 Roger
6%
96 Archevèque Ridolfi
5%
90 Cardinal Morel
5%
83 Cardinal Perazzo
5%
87 Donatella
5%
92 Duc Boinel
5%
73 Eduard Narcisse
5%
69 Henrietta
5%
97 Joseph Tudor
5%
75 lady Barnard
5%
95 Le boucher du château
5%
84 Lord Burgess
5%
89 Lord Grenier
5%
79 Sharlene
5%
86 Ridley
4%
94 Ellen
4%
68 Emone
4%
91 Frédéric, duc d'Albe
4%
82 Cardinal Vasari
3%
Aucun quiz correspondant
Distribution des résultats
% des personnes avec chaque résultat
Percentile par nombre de réponses
Votre historique - résultats
Vous n’avez pas pris ce quiz